000
00354nam a2200169Ia 4500
100
_a
Pucknell/Douglas A
650
_a
VLSI
250
_a
3
942
_c
BK
366
_f
20
245
_a
Basic VLSI Design
260
_b
Prentice -Hall of India
_a
New Delhi
_c
2007
082
_a
621.395/PUC
_b
PUC
300
_a
451
546
_a
ENGLISH
999
_c
18547
_d
18547